Āgneẏa śapatha. (Record no. 68812)
[ view plain ]
| 000 -LEADER | |
|---|---|
| fixed length control field | 00657cam a22002651 4500 |
| 001 - CONTROL NUMBER | |
| control field | sa 66003327 |
| 003 - CONTROL NUMBER IDENTIFIER | |
| control field | DLC |
| 005 - DATE AND TIME OF LATEST TRANSACTION | |
| control field | 20260227112235.0 |
| 008 - FIXED-LENGTH DATA ELEMENTS--GENERAL INFORMATION | |
| fixed length control field | 890714s1964 ii c 000 0 orio |
| 010 ## - LIBRARY OF CONGRESS CONTROL NUMBER | |
| LC control number | sa 66003327 |
| 035 ## - SYSTEM CONTROL NUMBER | |
| System control number | (OCoLC)20010068 |
| 040 ## - CATALOGING SOURCE | |
| Original cataloging agency | DLC |
| Transcribing agency | WaU |
| Modifying agency | DLC |
| 042 ## - AUTHENTICATION CODE | |
| Authentication code | premarc |
| 050 00 - LIBRARY OF CONGRESS CALL NUMBER | |
| Classification number | PK2576 |
| Item number | .R68 |
| 100 1# - MAIN ENTRY--PERSONAL NAME | |
| Personal name | Routroy, Nalini Debi. |
| 245 10 - TITLE STATEMENT | |
| Title | Āgneẏa śapatha. |
| 260 ## - PUBLICATION, DISTRIBUTION, ETC. | |
| Date of publication, distribution, etc. | [1964] |
| 300 ## - PHYSICAL DESCRIPTION | |
| Extent | 3, 5, 128 p. |
| Other physical details | ports. |
| Dimensions | 22 cm. |
| 500 ## - GENERAL NOTE | |
| General note | In Oriya. |
| 500 ## - GENERAL NOTE | |
| General note | Poems. |
| 650 #0 - SUBJECT ADDED ENTRY--TOPICAL TERM | |
| Topical term or geographic name entry element | War in literature. |
| 650 #0 - SUBJECT ADDED ENTRY--TOPICAL TERM | |
| Topical term or geographic name entry element | Oriya poetry. |
| 700 1# - ADDED ENTRY--PERSONAL NAME | |
| Personal name | Naik, Gajendra Kumar. |
| 700 1# - ADDED ENTRY--PERSONAL NAME | |
| Personal name | Dhaḷa, Rameśa Candra. |
No items available.